2024-2025 Chicago Bears Roster - Statistics

General Stats
  • This quiz has been taken 106 times
  • The average score is 30 of 61
Answer Stats
Hint Answer % Correct
QB Caleb Williams
100%
RB D'Andre Swift
96%
WR DJ Moore
90%
WR Rome Odunze
90%
CB Jaylon Johnson
89%
RB Roschon Johnson
87%
TE Cole Kmet
86%
QB Tyson Bagent
86%
WR Keenan Allen
85%
WR Collin Johnson
84%
DL Montez Sweat
78%
DL Chris Williams
77%
K Cairo Santos
76%
S Tarvarius Moore
75%
LB Tremaine Edmunds
73%
P Tory Taylor
71%
LB TJ Edwards
70%
DL Darrell Taylor
68%
OL Braxton Jones
67%
OL Darnell Wright
67%
CB Kyler Gordon
67%
CB Jaylon Jones
65%
S Jaquan Brisker
63%
TE Gerald Everett
59%
TE Marcedes Lewis
59%
CB Tyrique Stevenson
59%
WR Tyler Scott
57%
DL Gervon Dexter Sr.
56%
LB Jack Sanborn
54%
S Kevin Byard
54%
RB Travis Homer
53%
OL Teven Jenkins
51%
S Johnathan Owens
44%
CB Terrell Smith
42%
DL Andrew Billings
41%
OL Coleman Shelton
41%
LS Patrick Scales
39%
DL Austin Booker
38%
DL Zacch Pickens
35%
OL Ryan Bates
34%
OL Kiran Amegadjie
33%
CB Josh Blackwell
32%
OL Matt Pryor
32%
WR Deandre Carter
29%
S Elijah Hicks
29%
LB Noah Sewell
29%
OL Doug Kramer
28%
DL Dominique Robinson
27%
LS Scott Daly
27%
DL Demarcus Robinson
25%
LB Amen Ogbongbemiga
19%
OL Bill Murray
15%
RB Darrynton Evans
15%
OL Larry Borom
14%
DL Daniel Hardy
13%
OL Jake Curhan
8%
DL Byron Cowart
6%
DL Jacob Martin
6%
CB Ameer Speed
5%
S Adrian Colbert
4%
DL Jonathan Ford
4%
No matching quizzes found
Score Distribution
Percent of People with Each Score
Percentile by Number Answered
Your Score History
You have not taken this quiz